Bytový dom

Enregistré dans:
Détails bibliographiques
Auteur principal: Mlynarčík, Matej (Auteur)
Autres auteurs: Bielek, Boris (Directeur de thèse)
Format: Manuscrit Livre
Langue:slovaque
Publié: 2024
Sujets:
Accès en ligne:http://is.stuba.sk/zp/portal_zp.pl?podrobnosti=165941
https://opac.crzp.sk/?fn=detailBiblioForm&sid=E866CA411CD4E51490B48269BB2C
Tags: Ajouter un tag
Pas de tags, Soyez le premier à ajouter un tag!

MARC

LEADER 00000ntm a22000003a 4500
001 stuzp98869
003 SK-STU
005 20240910093229.4
007 ta
008 150427s2015----xo-----f-mn---000-0-slo-d
040 |a STU  |b slo 
041 0 |a slo 
100 1 |a Mlynarčík, Matej  |u 010180  |4 aut  |U SvF Stavebná fakulta  |T SvF Katedra konštrukcií pozemných stavieb  |X 112583  |U V180  |Y 18  |7 112583 
242 0 1 |a Residential house  |y eng 
245 1 0 |a Bytový dom 
260 |c 2024 
650 4 |a bytový dom  |2 slo 
650 4 |a kontaktný zateplovací systém  |2 slo 
650 4 |a fotovoltické panely  |2 slo 
650 4 |a photovoltaic panels  |2 eng 
650 4 |a apartment building  |2 eng 
650 4 |a contact insulation system  |2 eng 
700 1 |a Bielek, Boris  |u 010180  |k Z1  |4 ths  |U SvF Stavebná fakulta  |T SvF Katedra konštrukcií pozemných stavieb  |X 4303  |U V180  |Y 18  |7 A000004303 
856 4 |u http://is.stuba.sk/zp/portal_zp.pl?podrobnosti=165941 
856 4 |u https://opac.crzp.sk/?fn=detailBiblioForm&sid=E866CA411CD4E51490B48269BB2C